| 000 | 01205nam a2200313Ia 4500 | ||
|---|---|---|---|
| 001 | ebr10039009 | ||
| 003 | CaPaEBR | ||
| 006 | m u | ||
| 007 | cr cn||||||||| | ||
| 008 | 011206s2002 nyua sb 001 0 eng d | ||
| 010 | _z 2001059054 | ||
| 020 | _z0333929497 | ||
| 040 |
_aCaPaEBR _cCaPaEBR |
||
| 035 | _a(OCoLC)559095719 | ||
| 050 | 1 | 4 |
_aHG1272 _b.B76 2002eb |
| 082 | 0 | 4 |
_a332.4/952 _221 |
| 100 | 1 |
_aBrown, Brendan, _d1951- |
|
| 245 | 1 | 4 |
_aThe Yo-yo yen _h[electronic resource] : _band the future of the Japanese economy / _cBrendan Brown. |
| 260 |
_aNew York : _bPalgrave, _c2002. |
||
| 300 |
_axxxvi, 259 p. : _bill., charts. |
||
| 504 | _aIncludes bibliographical references and index. | ||
| 533 |
_aElectronic reproduction. _bPalo Alto, Calif. : _cebrary, _d2005. _nAvailable via World Wide Web. _nAccess may be limited to ebrary affiliated libraries. |
||
| 650 | 0 |
_aYen, Japanese _xHistory. |
|
| 650 | 0 |
_aMoney _zJapan _xHistory. |
|
| 650 | 0 |
_aMonetary policy _zJapan _xHistory. |
|
| 655 | 7 |
_aElectronic books. _2local |
|
| 710 | 2 | _aebrary, Inc. | |
| 856 | 4 | 0 |
_uhttp://site.ebrary.com/lib/rucke/Doc?id=10039009 _zAn electronic book accessible through the World Wide Web; click to view |
| 999 |
_c58143 _d58143 |
||